| 000 | 01014nam a22003497a 4500 | ||
|---|---|---|---|
| 001 | BR9100259 | ||
| 003 | BR-BrBNA | ||
| 005 | 20230928093458.0 | ||
| 007 | ta | ||
| 008 | 230509b bl.||||| |||| 00| 0 por d | ||
| 040 |
_aBR-BrBNA _bpor _cBiblioteca Nacional de Agricultura |
||
| 041 | _a(Por) | ||
| 072 |
_aE70 _b/G514 |
||
| 090 | _ E70 BR9100259 | ||
| 110 | 1 |
_aSecretaria do Planejamento, Aracaju, SE (Brasil); _99088 |
|
| 110 | 1 |
_aSuperintendencia do Desenvolvimento do Nordeste, Aracaju, SE (Brasil) _910122 |
|
| 245 | 1 |
_aProjeto Nordeste. Comercializacao e abastecimento (analise e proposta)v.1 _bDocumento 05 |
|
| 260 | 3 |
_aAracaju, SE (Brasil): _c1984. |
|
| 300 | _a159 p. | ||
| 500 | _a15 tables | ||
| 650 | _aMERCADO PRODUTOR | ||
| 650 | _aFEIRA | ||
| 650 | _aARMAZENAMENTO | ||
| 650 | _aABASTECIMENTO | ||
| 650 | _aOFERTA | ||
| 650 | _aDEMANDA | ||
| 650 | _aPRECO | ||
| 650 | _aCLASSIFICACAO DE PRODUTO | ||
| 650 | _aSERGIPE | ||
| 909 |
_a202309 _bLucia _c55 _dLucia Elande |
||
| 942 | _cBK | ||
| 999 |
_c45244 _d45244 |
||